Diccionario crítico de política cultural : (Record no. 151245)
[ view plain ]
| 000 -LEADER | |
|---|---|
| fixed length control field | 00957nam a22002537a 4500 |
| 005 - DATE AND TIME OF LATEST TRANSACTION | |
| control field | 20210126214827.0 |
| 008 - FIXED-LENGTH DATA ELEMENTS--GENERAL INFORMATION | |
| fixed length control field | 210126b mx ||||| |||| 00| 0 spa d |
| 020 ## - INTERNATIONAL STANDARD BOOK NUMBER | |
| International Standard Book Number | 9685087245 (edición mexicana) |
| 020 ## - INTERNATIONAL STANDARD BOOK NUMBER | |
| International Standard Book Number | 8573210478 (edición brasileña) |
| 050 04 - LIBRARY OF CONGRESS CALL NUMBER | |
| Classification number | CB9 |
| Item number | C64 2000 |
| 100 1# - MAIN ENTRY--PERSONAL NAME | |
| Personal name | Coelho, Teixeira |
| Dates associated with a name | 1944- |
| 245 10 - TITLE STATEMENT | |
| Title | Diccionario crítico de política cultural : |
| Remainder of title | cultura e imaginario / |
| Statement of responsibility, etc | Teixeira Coelho; traducción de Ángeles Godínez |
| 250 ## - EDITION STATEMENT | |
| Edition statement | 1a edición |
| Remainder of edition statement | reimpresión |
| 260 ## - PUBLICATION, DISTRIBUTION, ETC. (IMPRINT) | |
| Place of publication, distribution, etc | México : |
| Name of publisher, distributor, etc | Conaculta : |
| -- | Iteso : |
| -- | Secretaría de Cultura, Gobierno de Jalisco, |
| Date of publication, distribution, etc | 2000 |
| 300 ## - PHYSICAL DESCRIPTION | |
| Extent | 502 páginas ; |
| Dimensions | 22 cm |
| 500 ## - GENERAL NOTE | |
| General note | Índice |
| 650 #7 - SUBJECT ADDED ENTRY--TOPICAL TERM | |
| Source of heading or term | lemb |
| Topical term or geographic name as entry element | Poliítica cultural |
| Form subdivision | Diccionarios |
| 650 #7 - SUBJECT ADDED ENTRY--TOPICAL TERM | |
| Source of heading or term | lemb |
| Topical term or geographic name as entry element | Cultura |
| Form subdivision | Diccionarios |
| 700 1# - ADDED ENTRY--PERSONAL NAME | |
| Personal name | Godínez, Ángeles, |
| Relator term | traductor |
| 700 1# - ADDED ENTRY--PERSONAL NAME | |
| Personal name | Alfaro, María Noemí |
| Relator term | traductor |
| 700 1# - ADDED ENTRY--PERSONAL NAME | |
| Personal name | Correa, Olga |
| Relator term | traductor |
| 700 1# - ADDED ENTRY--PERSONAL NAME | |
| Personal name | Herrera, Leonardo, |
| Relator term | traductor |
| 942 ## - ADDED ENTRY ELEMENTS (KOHA) | |
| Source of classification or shelving scheme | Biblioteca del Cogreso de los Estados Unidos |
| Koha item type | Libro |
| Estado de pérdida | Fuente de clasificación | Estado del daño | No para préstamo | Ubicación permanente | Ubicación actual | Apartado o colección | Fecha de adquisición | Edición | Dependencia de educación superior (DES) | Área del conocimiento | Clasificación | Código de Barras | Date last seen | Número de copia | Costo por reposición | Tipo de recurso | Total Checkouts |
|---|---|---|---|---|---|---|---|---|---|---|---|---|---|---|---|---|---|
| Biblioteca del Cogreso de los Estados Unidos | Biblioteca del Instituto de Investigaciones Históricas | Biblioteca del Instituto de Investigaciones Históricas | Consulta | 26/01/2021 | 1a edición | Humanidades | Ciencias Sociales y Administrativas | CB9 C64 2000 | IIH000030509 | 13/09/2019 | C:1 | 1.00 | Libro | ||||
| Biblioteca del Cogreso de los Estados Unidos | Biblioteca del Instituto de Investigaciones Históricas | Biblioteca del Instituto de Investigaciones Históricas | Consulta | 26/01/2021 | 1a edición | Humanidades | Ciencias Sociales y Administrativas | CB9 C64 2000 | IIH000030510 | 26/01/2021 | C:2 | 1.00 | Libro |